006940000a22001810004500090001400000245005400014650002500068650002600093650002200119650002400141651002900165041001300194100002800207942001300235773006700248999001700315952018000332 aARb0141010aQuaternary vegetation of Equatorial Latin America14aPalinología99468714aBiogeografía99274714aGeología99300114aVegetación992799 4pAmérica del Sur9927490 aInglés1 aFlenley, John R.994709 cARTICULO1 tEquatorial Rain Forest a Geological History3512q55-76d1979? c10494d10494 001040718HEMEROTECAaBogotabBogotad2015-02-27eMuñoz Saba, YanethhFuera de circulaciónl0oAR 01410p011765r2015-03-25 00:00:00t1w2015-03-25xDonaciónyARTICULO